Sports Quiz

Random Sports or WWE Quiz

WWF European Champions Quiz Stats

 Plays Quiz not verified by Sporcle

Challenge
Share
Tweet
Embed
Score 0/37 Timer 05:00
0 Plays Today
Champion % Correct
Shawn Michaels
91%
British Bulldog
87.2%
British Bulldog
87.2%
HHH
85.1%
Owen Hart
85.1%
HHH
85.1%
D'Lo Brown
85.1%
D'Lo Brown
85.1%
D'Lo Brown
85.1%
D'Lo Brown
85.1%
Jeff Hardy
82.7%
Kurt Angle
82.1%
Matt Hardy
82.1%
X-Pac
81.5%
X-Pac
81.5%
Chris Jericho
81.5%
Christian
81.5%
Eddie Guerrero
79.4%
Eddie Guerrero
79.4%
Champion % Correct
William Regal
78.2%
William Regal
78.2%
William Regal
78.2%
William Regal
78.2%
Shane McMahon
72.8%
RVD
72.2%
Test
71%
Mark Henry
67.5%
Jeff Jarrett
66.3%
Val Venis
66%
Perry Saturn
63.9%
Al Snow
57.3%
Bradshaw
55.2%
Mideon
54.6%
Crash Holly
54.3%
DDP
50.7%
Spike Dudley
49.6%
The Hurricane
38.8%

You're not logged in!

Compare scores with friends on all Sporcle quizzes.
Join for Free
OR
Log In

You Might Also Like...

Show Comments

Extras

Top Quizzes Today


Score Distribution

Your Account Isn't Verified!

In order to create a playlist on Sporcle, you need to verify the email address you used during registration. Go to your Sporcle Settings to finish the process.

Report this User

Report this user for behavior that violates our Community Guidelines.

Details: